Stansted Express stations - Statistics

General Stats
  • This quiz has been taken 8 times
  • The average score is 6 of 7
Answer Stats
Answer % Correct
London Liverpool Street
100%
Stansted Airport
100%
Stansted Mountfitchet
86%
Bishop's Stortford
71%
Cheshunt
71%
Harlow Town
71%
Tottenham Hale
71%
No matching quizzes found
Score Distribution
Percent of People with Each Score
Percentile by Number Answered
Your Score History
You have not taken this quiz